Geography Quiz

Random Geography or City Quiz
Score 0/26 Timer 04:00
0 Plays Today
% Correct
Dublin
98.4%
Sydney
97.9%
Ottawa
97.4%
Vienna
95.4%
Bogotá
92.1%
Manila
91.6%
Ankara
89.8%
Naples
89.7%
Xuzhou
86.8%
Yamato
85.1%
Irvine
82.9%
Gdansk
80.3%
Jaipur
78.2%
% Correct
El Alto
71%
Lahore
70.7%
Clichy
70.7%
Tirana
66.7%
Harare
65.9%
Kigali
60.1%
Pilsen
56.9%
Wonsan
56.1%
Recife
54.8%
Zwolle
51.9%
Faiyum
42.9%
Utrera
34.4%
Quchan
25.9%
Remove Ads.
Support Sporcle.
Get the best of Sporcle when you Go Orange. This ad-free experience offers more features, more stats, and more fun while also helping to support Sporcle. Thank you for becoming a member.

You're not logged in!

Compare scores with friends on all Sporcle quizzes.
OR
Log In

Show Comments

Extras

Top Quizzes Today


Score Distribution

Your Account Isn't Verified!

In order to create a playlist on Sporcle, you need to verify the email address you used during registration. Go to your Sporcle Settings to finish the process.

Report this User

Report this user for behavior that violates our Community Guidelines.

Details: